Languages Spoken in the Most Countries - Statistics

General Stats
  • This quiz has been taken 458 times
  • The average score is 6 of 8
Answer Stats
# of Countries Language % Correct
59 English
100%
20 Spanish
99%
29 French
98%
6 German
91%
10 Portuguese
91%
26 Arabic
90%
5 Serbo-Croatian
29%
8 Hausa
6%
No matching quizzes found
Score Distribution
Percent of People with Each Score
Percentile by Number Answered
Your Score History
You have not taken this quiz